Type These Words As Fast As Possible #1 - Statistics

General Stats
  • This quiz has been taken 66 times
  • The average score is 15 of 26
Answer Stats
Hint Answer % Correct
Barter Barter
88%
Eastern Eastern
86%
Daylight Daylight
84%
Archipelago Archipelago
81%
Catastrophe Catastrophe
81%
Gondola Gondola
81%
Iceberg Iceberg
81%
Frigate Frigate
79%
Helsinki Helsinki
74%
Nowhere Nowhere
67%
Oregon Oregon
67%
Kangaroo Kangaroo
65%
Penguin Penguin
65%
Monday Monday
60%
Jambalaya Jambalaya
58%
Lithuania Lithuania
56%
Saola Saola
56%
Reykjavik Reykjavik
37%
Turkmenistan Turkmenistan
37%
Unique Unique
35%
Quetzalcoatl Quetzalcoatl
30%
Yellow Yellow
30%
Verdigris Verdigris
26%
Zealous Zealous
26%
Worldwide Worldwide
21%
Xylophone Xylophone
21%
No matching quizzes found
Score Distribution
Percent of People with Each Score
Percentile by Number Answered
Your Score History
You have not taken this quiz